01020nam a2200289 i 450000500170000000700030001700800410002002000180006104000350007904100080011408200180012210000330014024500450017325000220021826400380024030000730027833600270035133700330037833800280041149000170043950400420045652100420049854500670054065000470060765000410065465000350069520220317000252.0ta210826s2011 ck ao0 er s dspa d a9789588675312 aCO-BoRNBPbspaerdacCO-BoRNBP0 aspa04a721bI34h2221 aIglesia, Rafael E. J.eautor10aHabitar, diseñarcRafael E. J. Iglesia aPrimera edición 1aBogotábEdiciones de la Uc2011 a235 páginasbilustraciones, fotografías en blanco y negroc24 cm atextobtxt2rdacontent asin mediaciónbn2rdamedia avolumenbnc2rdacarrier0 aArquitectura aIncluye referencias bibliográficas  aRecomendado para un público adulto  aIncluye datos biográficos del autor en la contracarátula 17aDiseño arquitectónicovTeorías2LEMB17aFilosofía de la arquitectura2LEMB17aArquitectura doméstica2LEMB